00829cam a2200241 a 450000100060000000300080000600500170001400800410003102000220007202000220009403500310011604000260014704100080017308200290018110000220021024501010023226000560033330000360038950400460042565000370047165000370050865100420054518811BD-RjUL20211209000334.0140222s1990 enkab 001 0 eng d a0582025192 (U.K.) a0470216425 (U.S.) a0582025192a(BD-RjUL)18869 aBD-RjULbengcBD-RjUL aeng a338.091724220bGWN 19901 aGwynne, Robert N.10aNew horizons? :bThird World industrialization in an international framework /cRobert N. Gwynne aNew York :bLongman Scientific & Technical,cc1990. axi, 218 p :bill, maps ;c25 cm aBibliography: p 209-214. - Includes index 0aIndustrieszDeveloping countries 0aInternational economic relations 0aDeveloping countriesxEconomic policy